000 00676nam a2200241Ia 4500
005 20260430150646.0
008 008 250103s9999 xx 000 0 eng d
037 _aTheses
040 _aCRL
040 _beng
040 _ceng
041 _2eng
041 _aeng
084 _qCRL
100 _aChandan Alok Au.; Panda Nabin Kumar Gu.
_91238129
245 0 _aSecurity Architecture of East Asia: A Nuclear Conundrum for Japan in Second Nuclear Age
260 _c2024
300 _a92p.
650 _aEast Asia - History
700 _aUniversity of Delhi. Faculty of Social Sciences. Deptt. of East Asian Studies
942 _cTH
999 _c1850321
_d1850321